LEADER 01165nam 2200361 450 001 990005847680203316 005 20130523131653.0 010 $a978-90-04-20997-8 035 $a000584768 035 $aUSA01000584768 035 $a(ALEPH)000584768USA01 035 $a000584768 100 $a20130523d2012----km-y0itay50------ba 101 $aeng 102 $aNL 105 $a||||||||001yy 200 1 $aDiplomatic and judicial means of dispute settlement$fedited by Laurence Boisson de Chazournesmì, Marcelo G. Kohen, Jorge E. Vi 210 $aLeiden$aBoston$cNijhoff$d2012 215 $aXV, 337 p.$d25 cm 606 0 $aControversie internazionali$2BNCF 676 $a341.52 700 1$aBOISSON DE CHAZOURNES,$bLaurence$0234158 701 1$aKOHEN,$bMarcelo G.$0241051 702 1$aVIÑUALES,$bJorge E. 801 0$aIT$bsalbc$gISBD 912 $a990005847680203316 951 $aXXIII.1.L. 524$b76970 G.$cXXIII.1.L.$d00292320 959 $aBK 969 $aGIU 979 $aCHIARA$b90$c20130523$lUSA01$h1306 979 $aCHIARA$b90$c20130523$lUSA01$h1316 996 $aDiplomatic and judicial means of dispute settlement$91086872 997 $aUNISA LEADER 01045nam2 22002773i 450 001 VAN00257547 005 20240806101451.374 010 $a88-13-16155-7 100 $a20230427d1992 |0itac50 ba 101 $aita 102 $aIT 105 $a|||| ||||| 200 0 $a2 210 $aPadova$cCedam$d1992 215 $a655-1210 p.$d24 cm 300 $aRiproduzione facsimilare dell'edizione: Padova : La litotipo, 1914 461 1$1001VAN00257545$12001 $aCorso di diritto amministrativo$fFederico Cammeo$1210 $aPadova$cCedam$1215 $avolumi$d24 cm$v2 620 $dPadova$3VANL000007 700 1$aCammeo$bFederico$3VANV036352$0231090 712 $aCEDAM $3VANV111515$4650 801 $aIT$bSOL$c20250131$gRICA 899 $aBIBLIOTECA DEL DIPARTIMENTO DI GIURISPRUDENZA$1IT-CE0105$2VAN00 912 $aVAN00257547 950 $aBIBLIOTECA DEL DIPARTIMENTO DI GIURISPRUDENZA$d00CONS IV.Ca.133 2 $e00UBG241 20230428 $sBuono 996 $a2$94209463 997 $aUNICAMPANIA